000
00195 a2200097 4500
001
3507
100
_a
Abegg, L
245
_a
Mind of east asia the
260
_a
_b
Hudson
_c
090
_c
2773
_d
2773
942
_a
NUST-CAE
_c
M
_c
19702
999
_c
238580
_d
238580